000 01328nam0a2200349 4500
001 RU\NLR\bibl\386043
005 20250622155129.0
010 _a5-88149-102-5
_9520
021 _aRU
_b2003-5330
_9248
035 _a(NLR Aleph) 000380408
090 _a451975
_c451975
100 _a20030317d2002 |||y0rusy50 ca
101 0 _arus
102 _aRU
105 _aa |||||||||
200 1 _aПроблемы регулирования рынка труда субъектов Российской Федерации в условиях формирования предпосылок экономического роста
_fУ. Ш. Масаев
210 _aМ.
_cТип. "Новости"
_d2002
215 _a234, [1] с.
_cил.
_d22
606 0 _aРынок труда
_xРегиональный аспект
_yРоссийская Федерация
_92286000
_3RU\NLR\auth\661369333
610 0 _aРынок труда - Государственное регулирование
675 _a331(470)
_v3
_zrus
686 _a06.71
_2rugasnti
686 _a65.24
_2rubbk
686 _aУ24(2)05
700 1 _aМасаев
_bУ. Ш.
_4070
801 0 _aRU
_bRKP
_c20030317
_gPSBO
801 1 _aRU
_bRKP
_c20030317
801 2 _aRU
_bNLR
_c20030428
_grcr
942 _cBOOK
980 _aNB